00410nam a2200157Ia 4500003000400000008004100004040001600045082001300061100002100074245004700095260004400142300001000186650001500196650001900211650002200230GCL140319s9999 xx 000 0 eng d aGCL / cGCL04a843bC S1 aCLARKE, ARTHUR C10a2001 A SPACE ODYESSEY / cCLARKE, ARTHUR C a[S.N] : bHUTCHINSON & CO LTD ، c1968 a224 P04aLITERATURE04aFRENCH FICTION04aFRENCH LITERATURE